Rachunek różniczkowy i całkowy funkcji jednej zmiennej : (Rekord nr 42419)
| 000 -ETYKIETA REKORDU | |
|---|---|
| podpole kontrolne o stałej długości | 00885nam a2200253 i 4500 |
| 001 - NUMER KONTROLNY REKORDU | |
| pole kontrolne | bg |
| 040 ## - ŹRÓDŁO KATALOGOWANIA | |
| Instytucja, która utworzyła rekord | BPK |
| 041 0# - KOD JĘZYKA | |
| Kod języka tekstu | pl |
| 080 ## - UNIWERSALNA KLASYFIKACJA DZIESIĘTNA - UKD | |
| UKD | 517.5:517.2/.3](075.8) |
| 008 - POLE O STAŁEJ DŁUGOŚCI - DANE KONTROLNE | |
| podpole kontrolne o stałej długości | s pl f |000 0 pol |
| 100 1# - NAZWA OSOBOWA | |
| Nazwa osobowa | STANKIEWICZ, Jan |
| 245 00 - TYTUŁ/ODPOWIEDZIALNOŚĆ | |
| Tytuł | Rachunek różniczkowy i całkowy funkcji jednej zmiennej : |
| Ciąg dalszy tytułu | teoria, przykłady, zadania / |
| Pozostałe elementy strefy tytułu i oznaczenia odpowiedzialności | Jan Stankiewicz, Katarzyna Wilczek. |
| 260 ## - STREFA ADRESU WYDAWNICZEGO | |
| Miejsce wydania | Rzeszów : |
| Nazwa wydawcy/dystrybutora | Oficyna Wydawnicza Politechniki Rzeszowskiej, |
| Data publikacji, dystrybucji/powstania dokumentu | 2002. |
| 300 ## - STREFA OPISU FIZYCZNEGO | |
| Objętość | 314 s. ; |
| Rozmiary | 24 cm. |
| 490 1# - STREFA SERII I DOKUMENTU WIELOCZĘŚCIOWEGO - FORMA NIE DO WYSZUKIWANIA | |
| Tytuł i oznaczenie odpowiedzialności serii | Matematyka dla studentów Politechniki Rzeszowskiej |
| 504 ## - UWAGA DOTYCZĄCA BIBLIOGRAFII | |
| Informacje o bibliografii | Bibliogr. |
| 521 ## - UWAGA DOTYCZĄCA PRZEZNACZENIA CZYTELNICZEGO | |
| Przeznaczenie czytelnicze | Dla studentów Wydz. Budowy Maszyn i Lotnictwa. |
| 650 #9 - HASŁO PRZEDMIOTOWE W FORMIE NAZWY OGÓLNEJ LUB JEDNOSTKOWEJ | |
| Nazwa ogólna lub geograficzna | Rachunek całkowy |
| 650 #9 - HASŁO PRZEDMIOTOWE W FORMIE NAZWY OGÓLNEJ LUB JEDNOSTKOWEJ | |
| Nazwa ogólna lub geograficzna | Rachunek różniczkowy |
| 655 ## - TERMIN INDEKSOWY - OKREŚLENIE RODZAJU/FORMY DOKUMENTU | |
| Określenie rodzaju/formy dokumentu | Podręczniki akademickie |
| 700 1# - HASŁO DODATKOWE - NAZWA OSOBOWA | |
| Nazwa osobowa | WILCZEK, Ktarzyna |
| 830 ## - HASŁO DODATKOWE SERII LUB DOKUMENTU WIELOCZĘŚCIOWEGO - TYTUŁ UJEDNOLICONY | |
| Tytuł ujednolicony | Matematyka dla studentów Politechniki Rzeszowskiej |
| 856 ## - LOKALIZACJA I DOSTĘP DO ELEKTRONICZNYCH DOKUMENTÓW ZDALNYCH | |
| Link (URL) | http://koha.tu.koszalin.pl/cgi-bin/koha/opac-detail.pl?biblionumber=42419 |
| Tekst linku | Katalog online BPK |
| 942 ## - DODATKOWE ELEMENTY (KOHA) | |
| Typ dokumentu | Książka |
| Wycofany | Status egzemplarza | Uszkodzony | Dostępność | Lokalizacja stała | Lokalizacja bieżąca | Miejsce przechowywania | Sygnatura | Kod kreskowy | Ostatnio wypożyczono | Typ dokumentu |
|---|---|---|---|---|---|---|---|---|---|---|
| Dostępny | Biblioteka Politechniki Koszalińskiej | Biblioteka Politechniki Koszalińskiej | Wypożyczalnia BG | 66717 | 01982473 | 25.02.2019 | Książka |
